On This Day: August 11th II Quiz Stats

 Plays Quiz Updated Aug 11, 2018

Score 0/7 Timer 03:00
0 Plays Today
Question Answer Wrong Answers
The Allies refuse a Japanese offer of conditional surrender that would have allowed this man to retain his status as emperor.
1945
Hirohito
89.4%
Chiang Kai-shek
2%
Akihito
3.5%
Ho Chi Minh
4.2%
This New York woman pleads the fifth amendment before a federal grand jury investigating Soviet spying allegations. She would later be executed with alongside her husband Julius.
1950
Ethel Rosenberg
89%
Elizabeth Bentley
4%
Lona Cohen
3.1%
Sarah Emma Edmonds
2.7%
This militant Sunni organization, later responsible for the World Trade Center attacks, is founded at a meeting in Pakistan attended by the likes of Osama bin Laden and Ayman al-Zawahiri.
1988
Al-Qaeda
79.9%
Taliban
14.6%
Hezbollah
2%
ISIL
2%
Cambodia becomes a protectorate of this country, a status that would last until it gained independence in 1953 during the First Indochina War.
1863
France
78.4%
United Kingdom of Great Britain
17.5%
United States
2.4%
Germany
1.5%
This NFL team, which has won 4 Super Bowls, is founded by George Calhoun and Curly Lambeau (the team's stadium would later be renamed after the latter).
1919
Green Bay Packers
75.8%
Chicago Bears
7.8%
New York Giants
6.5%
New England Patriots
9.3%
Wrestler and actor Terry Bollea, a frequent heavyweight champion who, under this stage name, encouraged young fans to say their prayers and take their vitamins, and also co-starred in Rocky III, is born.
1953
Hulk Hogan
74.1%
Ric Flair
5.8%
Randy 'Macho Man' Savage
11.7%
The Rock
6.9%
A New York-based group converts the dining room of a hotel in Newport, Rhode Island into the world's first public space intended for this athletic and recreational activity.
1866
Roller skating
42.3%
Skateboarding
3.3%
Ice skating
16.3%
Bowling
37.8%

You're not logged in!

Compare scores with friends on all Sporcle quizzes.
OR
Log In

Sporcle TV

Today on Sporcle TV


Watch our educational content, quiz creation guides, and fun videos on Sporcle TV.

Show Comments

Extras

Top Quizzes Today


Score Distribution

Your Account Isn't Verified!

In order to create a playlist on Sporcle, you need to verify the email address you used during registration. Go to your Sporcle Settings to finish the process.

Report this User

Report this user for behavior that violates our Community Guidelines.

Details: